000 00393nam a22001457a 4500
999 _c2777
_d2777
008 200316b ||||| |||| 00| 0 eng d
020 _a9780070668799
100 _92260
_aGopal, M.
245 1 0 _aControl systems:principles and design /
_cby M. Gopal.
250 _a3rd ed.
260 _aNew Delhi:
_bTata McGraw Hill,
_c2008.
300 _axx,748p.
650 0 _aAutomatic Control
942 _cBK